| 000 | 01914nad a2200409 a 4500 | ||
|---|---|---|---|
| 001 | MIU01000000000000007024412 | ||
| 003 | MiU | ||
| 005 | 20231010141256.0 | ||
| 007 | cr mnummmmuuuu | ||
| 008 | 890828s1967 njucg sb 001 0beng d | ||
| 010 | _z66029831 | ||
| 024 | 7 |
_a2027/heb06257 _2hdl |
|
| 040 |
_aMiU _cMiU |
||
| 090 |
_aML410.B4 _b(INTERNET) |
||
| 100 | 1 |
_aThayer, Alexander Wheelock, _d1817-1897. _942948 |
|
| 240 | 1 | 0 | _aLudwig van Beethovens Leben. |
| 245 | 1 | 0 |
_aThayer's life of Beethoven _h[electronic resource] / _crevised and edited by Elliot Forbes. |
| 300 |
_a2 v. (1141 p.) : _bports., music ; _c25 cm. |
||
| 500 | _aAlthough some portions of Thayer's original text have been deleted because recent Beethoven research has proved them inaccurate, "the majority of the text used consists of the coordinated treatment of Thayer's notes and manuscript by these three editors [H. Deiters, H. Riemann, and H. Krehbiel]" with additions and corrections by the present editor. | ||
| 500 | _a"First publication of works after Beethoven's death": v. 2, p. 1077-1084. | ||
| 504 | _aIncludes bibliography (v. 1, p. xxiii-xxv) and index. | ||
| 600 | 1 | 0 |
_aBeethoven, Ludwig van, _d1770-1827. _942949 |
| 700 | 1 |
_aForbes, Elliot. _942950 |
|
| 700 | 1 |
_aDeiters, Hermann, _d1833-1907. _942951 |
|
| 700 | 1 |
_aRiemann, Hugo, _d1849-1919. _942952 |
|
| 700 | 1 |
_aKrehbiel, Henry Edward, _d1854-1923. _942953 |
|
| 830 | 0 |
_aACLS Humanities E-Book. _942954 |
|
| 856 | 4 | 0 |
_zVolltext _uhttps://hdl.handle.net/2027/heb06257 |
| 942 | _cEB | ||
| 500 | _aE-Book-ACLS / Zugriff nur im DHI-Lesesaal | ||
| 336 |
_2rdacontent _btxt _aText |
||
| 337 |
_2rdamedia _bbc _aComputermedien |
||
| 338 |
_2rdacarrier _bcr _aOnline Ressource |
||
| 264 |
_aPrinceton, N.J. : _bPrinceton University Press, _c1967. |
||
| 041 | _aeng | ||
| 500 | _aAmerican Council of Learned Societies/ https://www.humanitiesebook.org/about/ | ||
| 999 |
_c66582 _d66582 |
||